| 000 | 00676nam a2200193 a 4500 | ||
|---|---|---|---|
| 001 | BRCA_2111 | ||
| 005 | 20190320203655.0 | ||
| 008 | 120808s1991----mx-a---###---#000-0#spa-# | ||
| 050 | 4 |
_aF1391.P8 _b.L43 54 _c1991 |
|
| 100 | 1 |
_aDurán R.A., Norma _96394 |
|
| 245 | 1 | 0 |
_aUn santo a la mano _cNorma Durán R.A. |
| 260 |
_aPuebla, México _bGobierno del Estado de Puebla : Secretaría de Cultura : Comisión Puebla V Centenario _c1991 |
||
| 300 |
_a31 p. _bil. _c21 cm. |
||
| 440 | 0 |
_aLecturas Históricas de Puebla _n54 _96395 |
|
| 651 | 4 |
_aPuebla (México) _xHistoria _9409 |
|
| 651 | 4 |
_aPuebla (México) _xVida social y costumbres _9408 |
|
| 653 | 0 | _aVida cotidiana | |
| 942 |
_2lcc _cB |
||
| 999 |
_c1868 _d1868 |
||